[Event "3rd Kolkata GM Open 2018"]
[Site "Kolkata"]
[Date "2018.05.18"]
[Round "5"]
[White "Laxman, R.R."]
[Black "Mendonca, Leon Luke"]
[Result "1-0"]
[WhiteElo "2444"]
[BlackElo "2122"]
[Annotator "TA"]
[PlyCount "83"]
[EventDate "2018.??.??"]
[EventType "swiss"]
[EventCountry "IND"]
[SourceTitle "playchess.com"]
[Source "ChessBase"]
[SourceQuality "1"]

{[%evp 22,83,19,9,4,11,4,-1,0,0,16,26,63,3,23,0,0,0,14,21,91,100,193,183,179,162,221,117,110,0,47,64,244,232,372,260,422,412,391,174,119,181,181,181,170,171,150,128,148,95,163,110,1186,1156,1344,1322,1228,1094,5506,5410,29994,29995,29998,29999]} 1. d4 Nf6 2. Nf3 e6 3. c4 b6 4. g3 Bb7 5. Bg2 Be7 6. O-O O-O 7. Re1 Na6 8. Ne5 {E17: Damenindisch (Hauptfortsetzung)} Bxg2 9. Kxg2 c5 10. d5 Qc7 11. Nf3 Ne4 12. Nfd2 {LiveBook: 6 Partien} (12. a3 f5 13. Qd3 Qb7 14. Nbd2 Nxd2 15. Bxd2 Bf6 {0-1 (38) Mamedyarov,S (2799)-Korobov,A (2652) Huaian 2017}) 12... exd5 13. cxd5 Nxd2 14. Nxd2 $146 ({Vorgänger:} 14. Bxd2 Qb7 15. e4 c4 {½-½ (25) Nyvlt,Z (2434)-Wagner,R (2452) ICCF email 2015}) 14... d6 15. e4 Qd7 16. Nc4 Nc7 17. Bf4 (17. a4 $14) 17... f5 $11 18. e5 dxe5 19. Rxe5 {Droht d6 und aus.} Bf6 20. d6 Nb5 (20... Rad8 $11) 21. Qd5+ $16 Kh8 (21... Qf7 $16) 22. Rxf5 $18 Nd4 23. Rh5 Rae8 (23... Ne6 $142) 24. Rf1 (24. Ne5 $1 $18 {[%cal Re5g6]} Bxe5 25. Bxe5) 24... Qg4 $16 25. Rh3 (25. h3 $16 Qe2 26. b3) 25... Ne2 26. Be3 $1 $40 {[%mdl 128] Schwarz muss sich nun genau verteidigen.} b5 $2 {[#]} (26... g6 $14) 27. Nd2 $1 $18 Bd4 (27... Nd4 $142) 28. Rh4 Qg6 $2 (28... Qd7) 29. d7 ({Weniger gut wäre} 29. Bxd4 Nxd4 30. d7 (30. Qxc5 Nf5 $16) 30... Rd8 $16) 29... Rd8 30. Bxd4 (30. Re1 $142 Bxe3 31. fxe3 Nxg3 32. hxg3) 30... Nxd4 31. Qxc5 Qc6+ 32. Ne4 Qxd7 {[#] und nun wäre ...Sf3 stark für Schwarz.} 33. Rd1 $1 {[%cal Bf1d1,Bd1d3,Bd3d4][%mdl 32]} h6 34. Rd3 a6 35. f3 ({Besser ist} 35. b4) 35... Kg8 (35... Qf5 $16 {war nötig.}) 36. Nf6+ ({Lieber} 36. Rf4 $18 Rxf4 37. gxf4) 36... gxf6 $2 {[%mdl 8192]} (36... Rxf6 $16 37. Rhxd4 Rc8 38. Rxd7 Rxc5) 37. Rdxd4 Qe6 38. Rhg4+ Kh8 39. Qc1 {[%cal Rc1h6]} f5 40. Rxd8 {Weiss droht Dc3+ und Matt.} Qe2+ 41. Kg1 {[%cal Rc1h6]} fxg4 42. Qxh6+ {Precision: Weiß = 52%, Schwarz = 30%.} 1-0

[Event "3rd Kolkata GM Open 2018"]
[Site "Kolkata"]
[Date "2018.05.18"]
[Round "5"]
[White "Gukesh D"]
[Black "Vishnu Prasanna. V"]
[Result "1/2-1/2"]
[WhiteElo "2426"]
[BlackElo "2532"]
[Annotator "TA"]
[PlyCount "64"]
[EventDate "2018.??.??"]
[EventType "swiss"]
[EventCountry "IND"]
[SourceTitle "playchess.com"]
[Source "ChessBase"]
[SourceQuality "1"]

{[%evp 19,64,9,18,0,5,0,1,0,0,0,0,0,0,0,0,-13,0,-23,-10,-46,-43,-46,-39,-38,7,0,12,11,15,7,16,-14,3,0,0,0,0,0,0,0,11,0,0,0,8,12,4]} 1. Nf3 d5 2. g3 c5 3. Bg2 g6 4. c3 Nc6 5. d4 cxd4 6. cxd4 Bg7 7. Nc3 e6 8. O-O Nge7 {[%cal Bg8e7,Be7f5,Bf5d6,Bd6e4][%mdl 32]} 9. b3 O-O 10. e3 {A04: Unusual lines after 1 Nf3 and King's Indian Attack} b6 {LiveBook: 24 Games} 11. Bb2 $146 ({Predecessor:} 11. Ba3 Ba6 12. Re1 Qd7 13. e4 Rfe8 14. Rc1 Rac8 15. e5 Bh6 16. Rc2 Nb8 17. h4 Rc7 {½-½ (48) Kramnik,V (2812)-Anand,V (2770) Leuven 2016}) 11... Ba6 12. Re1 Rc8 13. Rc1 Nf5 14. Bf1 Bxf1 15. Kxf1 Qd7 16. Re2 Rfd8 17. Rd2 Nd6 18. Ne1 Ne4 19. Re2 e5 20. dxe5 Nxe5 21. Kg1 Qb7 {White must now prevent ...Ng5.} 22. Nb5 {The position is equal.} Rxc1 23. Qxc1 Rc8 24. Rc2 Rc5 25. Nd4 Nc6 {With the idea ...Nb4.} 26. Nxc6 Qxc6 27. Bxg7 Kxg7 28. Qb2+ Kg8 29. f3 Nd6 30. Kf2 h5 31. Rd2 {Hoping for Nd3.} Nf5 {[#]} 32. e4 $1 {[%mdl 512]} Ne7 $1 {Precision: White = 56%, Black = 58%.} (32... dxe4 33. Rd8+) 1/2-1/2

[Event "3rd Kolkata GM Open 2018"]
[Site "Kolkata"]
[Date "2018.05.18"]
[Round "5"]
[White "Raghunandan, Kaumandur Srihari"]
[Black "Karthikeyan, Murali"]
[Result "1/2-1/2"]
[WhiteElo "2400"]
[BlackElo "2617"]
[Annotator "TA"]
[PlyCount "133"]
[EventDate "2018.??.??"]
[EventType "swiss"]
[EventCountry "IND"]
[SourceTitle "playchess.com"]
[Source "ChessBase"]
[SourceQuality "1"]

{[%evp 16,133,21,13,16,9,14,6,72,60,45,60,60,58,70,50,60,54,69,54,62,51,47,43,56,14,30,34,30,11,31,11,27,13,28,-22,-11,-4,-20,-81,-69,-68,-64,-68,-72,-60,-38,-41,-44,-37,-18,-58,0,-35,-24,-25,0,0,0,0,0,-10,24,-41,-31,-27,-31,-27,0,-35,0,0,0,0,0,0,0,0,0,0,0,0,0,0,0,0,0,0,0,0,0,0,0,0,0,0,0,0,0,0,0,0,0,0,0,0,0,0,0,0,0,0,0,0,0,0,0,0,0,0]} 1. d4 Nf6 2. c4 e6 3. Nc3 d5 4. cxd5 exd5 5. Bg5 c6 6. e3 Nbd7 {[%cal Bb8d7,Bd7f8,Bf8e6][%mdl 32]} 7. Bd3 Be7 8. Bf4 {D35: Queen's Gambit Declined: Exchange Variation} (8. Qc2 Nf8 9. Nf3 Ne6 10. Bh4 g6 11. O-O O-O 12. Rab1 Ng7 13. b4 a6 14. a4 Bf5 15. b5 axb5 16. axb5 Bxd3 17. Qxd3 Nf5 18. Bxf6 Bxf6 19. Ra1 Nd6 20. bxc6 bxc6 21. Ra6 Qc7 22. Rfa1 Qb7 23. Qe2 Rxa6 24. Qxa6 {½-½ (45) Tomashevsky,E (2713)-Sjugirov,S (2650) St Petersburg 2017}) 8... Nf8 9. h3 {LiveBook: 5 Games} Ne6 10. Be5 O-O 11. Nf3 $146 ({Predecessor:} 11. Nge2 Bd6 12. Qc2 g6 13. Bxd6 Qxd6 14. O-O Re8 15. Rab1 Bd7 {1-0 (63) Raghunandan,K (2221)-Himanshu,S (2417) Nagpur 2015}) 11... c5 (11... g6 $11 {keeps the balance.}) 12. dxc5 Nxc5 13. O-O Nfe4 14. Rc1 Bf5 15. Bb1 Nxc3 16. Rxc3 Be4 17. Nd4 Bxb1 18. Qxb1 Ne4 19. Rd3 Qd7 20. Nf3 {Threatening Rfd1.} Qe6 21. Rfd1 Rfd8 {[%cal Bf8d8,Bd8d7,Bd7f7][%mdl 32]} 22. b3 h5 23. Qb2 g5 24. Bc7 {Black must now prevent Nd4.} Rd7 25. Qe5 {[%cal Rd3d5]} Bf6 26. Qxe6 fxe6 27. Bh2 (27. Be5 $11) 27... Rf7 28. Rc1 g4 29. hxg4 hxg4 30. Nd4 {[#]} Nxf2 $1 {[%mdl 512]} 31. Kxf2 Bxd4+ $1 32. Ke2 Bg7 (32... Bf6 {seems wilder.} 33. e4 Re8 34. Rc2 Kh7 35. exd5 exd5+ 36. Re3 Rxe3+ 37. Kxe3 Kg6) 33. Bg3 Rd7 (33... Kh7 $15) 34. e4 Re8 35. e5 Bh8 36. Rd4 Rg7 37. Bf4 g3 38. Rc3 Rf8 39. Rxg3 (39. Bh6 $11 Rf2+ 40. Ke1) 39... Rxg3 40. Bxg3 $11 {[%mdl 4096] Endgame KRB-KRB} Rf5 41. Rg4+ Kf7 42. Rf4 (42. Rb4 $5 {[%cal Rb4b7]}) 42... Kg6 43. Rg4+ {The position is equal.} Rg5 44. Kf3 Rxg4 45. Kxg4 {KB-KB} Bg7 46. Bh2 a6 47. Kf3 Bh6 48. Bg1 Bd2 49. Bd4 b5 50. g4 b4 51. Bc5 Bc3 52. Kf4 Bd2+ 53. Kf3 Kf7 54. Bd6 Bc3 55. Kf4 Kg6 56. Bc5 d4 {Strongly threatening ...d3.} 57. Ke4 Kg5 58. Bxd4 Bxd4 59. Kxd4 Kxg4 {K3P-K3P} 60. Kc5 Kf5 61. Kxb4 {[#] And now Kc5 would win.} Kxe5 {KPP-KPP} 62. Kc5 Kf4 63. b4 {Threatens to win with a4.} ({Don't blunder} 63. Kb6 $2 e5 $19) 63... e5 {[%cal Be6e5,Be5e4,Be4e3][%mdl 32]} 64. a4 $1 {Hoping for b5.} e4 65. b5 axb5 66. axb5 {b6 would kill now.} e3 {( -> ...e2)} 67. b6 {Precision: White = 59%, Black = 66%.} 1/2-1/2

[Event "3rd Kolkata GM Open 2018"]
[Site "Kolkata"]
[Date "2018.05.18"]
[Round "5"]
[White "Koustav Chatterjee"]
[Black "Tran, Tuan Minh"]
[Result "0-1"]
[WhiteElo "2364"]
[BlackElo "2512"]
[Annotator "TA"]
[PlyCount "106"]
[EventDate "2018.??.??"]
[EventType "swiss"]
[EventCountry "IND"]
[SourceTitle "playchess.com"]
[Source "ChessBase"]
[SourceQuality "1"]

{[%evp 14,106,33,14,25,14,14,27,33,33,47,0,14,-31,-40,-79,-89,-80,-57,-52,-57,-52,-54,-58,-38,-45,-39,-43,-43,-48,-11,-29,-22,-66,-51,-79,-35,-25,-24,-16,0,0,0,0,0,0,33,25,45,33,52,49,92,15,28,-33,0,0,0,-68,-47,-130,-114,-103,-116,-255,-245,-618,-494,-567,-525,-599,-590,-735,-728,-727,-676,-658,-602,-585,-572,-518,-444,-2974,-2661,-3390,-3260,-5846,-5822,-29968,-29966,-29989,-29990,-29992,-29993]} 1. c4 e5 2. g3 c6 3. Nf3 e4 4. Nd4 Nf6 5. Bg2 d5 6. d3 {A20: English Opening: 1...e5} (6. cxd5 Qxd5 7. e3 Na6 8. d3 Bb4+ 9. Nc3 Nc5 10. O-O Bxc3 11. dxe4 Ncxe4 12. bxc3 O-O 13. Qc2 c5 14. Nb3 Bf5 {0-1 (59) Gelfand,B (2729)-Inarkiev,E (2702) Nazran 2017}) 6... Bb4+ 7. Nc3 O-O 8. O-O {LiveBook: 5 Games. White is slightly better.} e3 9. fxe3 {White wants to play cxd5.} dxc4 10. Nc2 Bxc3 11. bxc3 Bg4 {[%cal Bc8g4,Bg4h5,Bh5g6][%mdl 32]} 12. d4 $146 ({Of course not} 12. dxc4 Qxd1 13. Rxd1 Bxe2 $15) ({Predecessor:} 12. Qd2 Na6 13. Nd4 Re8 {1-0 (47) Lenderman,A (2623)-Mikhalevski,V (2526) Calgary 2015}) 12... Re8 13. Rf4 Bh5 14. e4 {[#]} Bg6 $1 {[%cal Rg6e4]} 15. e5 Rxe5 $1 16. Ne3 Rxe3 17. Bxe3 Nd5 18. Bxd5 cxd5 19. Qf1 Nc6 {[%mdl 1024] Black has compensation.} 20. Qf3 Qe7 21. Rf1 Re8 22. Bd2 Qe6 23. Rf2 Ne7 24. g4 Be4 25. Qg3 f6 26. Rf1 Qa6 27. R4f2 Qxa2 28. Bc1 Qa6 29. h4 Qe6 30. h5 Rf8 31. h6 {And now hxg7 would win.} Rf7 $1 32. hxg7 {Black must now prevent Bh6.} Kxg7 33. Bg5 (33. Bh6+ $16 Kh8 34. Rh2) 33... Ng8 $11 34. Bh4 (34. Qh4 $11) 34... b5 $40 {[%mdl 128] Black mounts an attack.} 35. g5 f5 36. Qh3 (36. Qb8 $11) 36... Ne7 $15 37. g6 (37. Bg3 $15) 37... Nxg6 38. Bg5 Kg8 39. Kh2 (39. Bh6 $17) 39... a5 $19 40. Bf4 $2 (40. Ra1 Qb6 41. e3) 40... b4 41. cxb4 axb4 42. Rg1 {White hopes to continue with Rff1.} b3 43. Qc3 Qf6 {( -> ...Qh4+)} 44. Bg5 Qb6 45. Bc1 {[#]} f4 $1 46. Bb2 (46. Bxf4 b2) 46... Qc7 47. Qh3 f3+ 48. Rg3 (48. Qg3 $142 fxe2 49. Qxc7 Rxc7 50. Rxe2) 48... c3 49. Bxc3 Qxc3 50. exf3 b2 51. Qe6 Qxd4 {Black mates.} 52. Rgg2 b1=Q 53. fxe4 Qb8+ {Precision: White = 32%, Black = 77%.} 0-1

[Event "3rd Kolkata GM Open 2018"]
[Site "Kolkata"]
[Date "2018.05.18"]
[Round "5"]
[White "Siva Mahadevan"]
[Black "Burmakin, Vladimir"]
[Result "0-1"]
[WhiteElo "2364"]
[BlackElo "2528"]
[Annotator "TA"]
[PlyCount "138"]
[EventDate "2018.??.??"]
[EventType "swiss"]
[EventCountry "IND"]
[SourceTitle "playchess.com"]
[Source "ChessBase"]
[SourceQuality "1"]

{[%evp 20,138,30,35,37,29,40,40,37,42,37,51,34,36,60,16,8,0,14,0,12,0,4,0,61,20,35,18,10,9,24,0,5,-44,0,0,53,48,48,38,53,0,46,48,51,0,53,38,38,-30,-30,-30,-30,-30,-30,-36,-30,-36,-36,-36,-36,-36,-36,-36,-36,-62,-36,-68,-77,-61,-36,-36,-36,-36,-36,-61,-36,-95,-107,-108,-102,-109,-122,-116,-118,-170,-8,-8,-8,-8,-8,-8,-8,-5,-6,-8,-4,-8,-8,-8,-8,-140,-138,-178,-4,-85,-85,-77,-77,-84,-84,-569,-564,-535,-535,-1284,-1318,-1703,-1716,-1713,-1697]} 1. e4 d5 2. exd5 Qxd5 3. Nc3 Qd6 4. d4 Nf6 5. Nf3 c6 6. Ne5 Be6 {B01: Scandinavian Defence} (6... Nbd7 7. Nc4 Qc7 8. Qf3 Nb6 9. Bf4 Qd7 10. Nxb6 axb6 11. O-O-O Qd8 12. h3 e6 13. Bc4 Be7 14. g4 {½-½ (32) Grischuk,A (2750)-Rapport,R (2698) chess.com INT 2017}) 7. Bf4 Qd8 8. Be2 g6 9. Qd2 Nbd7 10. O-O-O Bg7 11. h4 {LiveBook: 3 Games} Qa5 12. Nc4 $146 ({Predecessor:} 12. Kb1 Ne4 13. Qe3 Nxc3+ 14. Qxc3 Bxa2+ {0-1 (60) Ishoo,Y (2028)-Tiviakov,S (2621) Beirut 2015}) 12... Bxc4 13. Bxc4 Nb6 14. Bb3 Nbd5 15. Nxd5 Qxd2+ 16. Bxd2 cxd5 17. Rhe1 (17. h5 $5) 17... e6 18. f3 O-O 19. a4 Rfc8 20. Kb1 Rc6 21. c3 Nd7 ({Black should play} 21... a6 $11) 22. a5 {Threatens to win with Ba4.} b5 23. Bc2 Nf6 24. Bd3 a6 25. g3 {[%cal Bg2g3,Bg3g4][%mdl 32]} Bf8 26. b4 Rac8 27. Kb2 Ne8 (27... Bd6 $11) 28. g4 $1 $14 Nd6 29. Re2 Be7 30. Be1 (30. f4 $14) 30... Nc4+ (30... Kf8 {feels hotter.} 31. Kb3 Bf6 32. g5 Be7 33. Rc1 Kg7) 31. Bxc4 Rxc4 32. Kb3 (32. f4 $14) 32... h6 (32... R4c6 $11) 33. Rd3 g5 34. h5 (34. Bg3 $14) 34... Bd6 $11 35. Bd2 Kf8 36. Be1 Ke7 37. Bd2 Kd7 38. Be1 Rf8 39. Bd2 Rcc8 40. Be1 f5 41. Rde3 Rf6 42. Bd2 Re8 43. Kc2 fxg4 44. fxg4 Rf4 45. Rg2 Ref8 46. Ree2 Rf3 47. Be1 R8f4 48. Bd2 (48. Ref2 $15) 48... Re4 $1 $17 49. Rxe4 dxe4 {[%mdl 4096] Endgame KRB-KRB} 50. Re2 Bf4 $1 51. Be1 Be3 52. c4 (52. Bd2 $17 {is a better defense.} Bxd2 53. Kxd2) 52... bxc4 $2 (52... Kc6 $19 53. cxb5+ Kxb5) 53. Kc3 $11 {[#]} e5 $1 {[%mdl 512]} 54. dxe5 Ke6 {With the idea ...Kd5.} 55. Kxc4 Kxe5 56. Bc3+ Kf4 57. Kd5 Kxg4 {White must now prevent ...Kf5.} 58. Kxe4 Bf2 59. Be5 Rf7 60. b5 (60. Rc2 $11 {remains equal.}) 60... axb5 $17 61. Rb2 Kxh5 $2 (61... Kh4 $1 $19 {Strongly threatening ...g4.} 62. Rb1 g4 63. Rh1+ Kg5) 62. Rxb5 (62. a6 $1 $11 {keeps the balance.}) 62... Kg4 63. a6 {[#]} h5 $1 64. Rb7 {[#]} Rf3 $1 {[%cal Rf3e3] ...Re3+ is the strong threat.} 65. Rg7 $2 {[%mdl 8192]} (65. Rb2 $17 {is more resistant.}) 65... Re3+ $19 {Black is clearly winning.} 66. Kd5 Ra3 67. Bf6 Be3 68. Ke4 Rxa6 69. Be7 Bf4 {Precision: White = 35%, Black = 64%.} 0-1

[Event "3rd Kolkata GM Open 2018"]
[Site "Kolkata"]
[Date "2018.05.18"]
[Round "5"]
[White "Saravana, Krishnan P."]
[Black "Neverov, Valeriy"]
[Result "1/2-1/2"]
[WhiteElo "2360"]
[BlackElo "2496"]
[Annotator "TA"]
[PlyCount "109"]
[EventDate "2018.??.??"]
[EventType "swiss"]
[EventCountry "IND"]
[SourceTitle "playchess.com"]
[Source "ChessBase"]
[SourceQuality "1"]

{[%evp 22,109,-20,-14,-18,-22,-20,-19,-25,-41,-16,-21,0,-10,-20,-7,-15,-46,-59,-56,-38,-43,-27,-45,-46,-40,-31,-43,-29,-56,-41,-42,-44,-77,-73,-105,-95,-88,-104,-112,-90,-138,-143,-135,-142,-128,0,0,-2,-7,-16,-11,0,0,0,-24,0,0,0,0,0,0,0,0,0,0,0,0,0,0,97,97,97,97,102,102,104,0,0,0,164,0,0,0,0,0,0,0,0,0]} 1. e4 c5 2. Nf3 d6 3. d4 cxd4 4. Nxd4 Nf6 5. Nc3 a6 6. h3 e5 7. Nde2 h5 {B90: Sicilian Najdorf: Unusual White 6th moves, 6 Be3 Ng4 and 6 Be3 e5} (7... b5 8. Ng3 Qc7 9. Bd3 g6 10. O-O Bg7 11. Bd2 O-O 12. a4 b4 13. Na2 a5 14. c3 bxc3 15. Nxc3 Be6 {½-½ (40) Svidler,P (2760)-Khismatullin,D (2632) Sochi 2018}) 8. g3 Nbd7 9. Bg2 b5 10. Bg5 Be7 11. Nd5 Nxd5 12. Qxd5 {LiveBook: 6 Games. Hoping for Bxe7.} Rb8 13. Bxe7 Qxe7 14. Rd1 Rb6 15. a3 Nf6 $146 ({Predecessor:} 15... h4 16. g4 Nc5 {0-1 (42) Nikolova,A (2290)-Eliseev,U (2486) St Petersburg 2012}) 16. Qd2 O-O 17. O-O Bb7 18. Nc3 Rc8 19. Nd5 Bxd5 $1 20. exd5 Qc7 21. c3 a5 22. Qg5 Re8 23. Rfe1 Rb7 24. Rd3 Qd8 25. Rf3 e4 26. Rf5 Rbe7 27. Bf1 ({Don't go for} 27. Rxf6 $2 Re5 $17) 27... Re5 28. Bxb5 Rxf5 29. Qxf5 Re5 30. Qf4 Nxd5 31. Qd2 e3 $1 {[%cal Re3d2]} 32. fxe3 Qg5 33. Qg2 Nxe3 ({Better is} 33... h4 $1 $17 34. Qf3 Nxe3) 34. Qa8+ $11 Kh7 35. Bd3+ g6 36. Qf3 Kg7 37. Qf4 {aiming for Qxg5.} Qe7 $1 38. Re2 f5 39. b4 axb4 40. axb4 Kh7 41. Qd4 Qg5 42. Qf4 Qe7 43. Qd4 Qg5 44. Kf2 {[%cal Re2e3]} Nd1+ 45. Kf3 Qc1 (45... Qe7 $11 {remains equal.}) 46. Rxe5 $16 dxe5 47. Qxe5 {Qe7+ is the strong threat.} Nxc3 48. Qc7+ Kh8 {[#]} 49. Qd8+ (49. Bc4 $1 $16 {Threatening mate with Qd8+.} Qh1+ 50. Kf4 Qc1+ 51. Ke5) 49... Kh7 $11 50. Qc7+ $2 (50. Qe7+ $11 Kh6 51. Qf8+ Kh7 52. Qf7+ Kh6 53. Qf8+ Kh7 54. Qf7+ Kh6 55. Qf8+) 50... Kh8 $1 $18 {[#]} 51. Qe5+ $2 (51. Bc4 $1 $18 {Qd8+ would kill now.} Qh1+ 52. Kf4 Qc1+ 53. Ke5) 51... Kh7 $11 {The position is equal.} 52. Qe7+ Kh6 53. Qf8+ Kh7 54. Qe7+ Kh6 55. Qf8+ {Precision: White = 53%, Black = 74%.} 1/2-1/2

[Event "3rd Kolkata GM Open 2018"]
[Site "Kolkata"]
[Date "2018.05.18"]
[Round "5"]
[White "Rajdeep Sarkar"]
[Black "Shyam, Sundar M."]
[Result "1/2-1/2"]
[WhiteElo "2355"]
[BlackElo "2518"]
[Annotator "TA"]
[PlyCount "60"]
[EventDate "2018.??.??"]
[EventType "swiss"]
[EventCountry "IND"]
[SourceTitle "playchess.com"]
[Source "ChessBase"]
[SourceQuality "1"]

{[%evp 10,60,28,-33,8,12,16,3,14,-31,-30,-41,-31,-29,-15,-22,-9,-29,0,0,0,0,0,0,0,-98,43,-166,-151,-153,-170,-165,0,0,0,0,0,0,0,0,0,0,0,0,0,0,0,0,0,0,0,0,0]} 1. Nf3 d5 2. g3 g6 3. d4 (3. Bg2 Bg7 4. d4 Nf6 5. O-O O-O 6. c4 c6 7. Qb3 Qb6 8. Nc3 Bf5 9. Ne5 Be6 10. Qd1 dxc4 11. Na4 Qd8 12. Nc5 Qc8 13. Qc2 Bh3 14. Qxc4 Bxg2 15. Kxg2 Nbd7 16. Ncd3 Nxe5 17. dxe5 Nd5 {1-0 (36) Nakamura,H (2787)-Kramnik,V (2800) Moscow 2018}) 3... Bg7 4. c4 dxc4 5. Bg2 c6 6. a4 {LiveBook: 3 Games. A07: Réti Opening: New York and Capablanca Systems} ({White should try} 6. Na3 $11) 6... Bg4 (6... c5 $5) 7. O-O $146 ({Predecessor:} 7. e3 e5 8. Nbd2 exd4 9. exd4 Qe7+ 10. Kf1 Be6 11. Ne4 {½-½ (45) Vajda,L (2500)-Kiss,A (2361) Hungary 2002}) 7... Bxf3 8. Bxf3 Qxd4 9. Qc2 Na6 10. a5 Nf6 11. Rd1 Qe5 12. Qxc4 O-O $36 {[%mdl 2048] Black is pushing.} 13. Nc3 Rfd8 14. Rxd8+ $1 Rxd8 15. Bxc6 bxc6 16. Qxa6 Qh5 {Hoping for ...Ng4.} 17. Kg2 (17. Qxa7 Ng4 $19) (17. Qxc6 $11 Ng4 18. h4) 17... Nd5 (17... Ng4 $17 18. h3 Nxf2 $1 {[%mdl 512]} 19. Kxf2 Qf5+ 20. Kg2 (20. Bf4 e5 $17) 20... Bxc3 21. bxc3 Rd1) 18. Nxd5 $2 (18. Qxa7 $14 {stays ahead.} Nxc3 19. bxc3 Qd5+ 20. f3) 18... Qxd5+ $19 19. f3 {[#]} Qd1 $1 20. Qxa7 Qxe2+ $2 ({Better is} 20... Bd4 $19 21. Qxe7 Ra8) 21. Qf2 $11 {The position is equal.} Qd1 22. Qf1 Qc2+ 23. Qf2 Qd1 24. Qf1 Qc2+ 25. Qf2 Qd1 26. Qf1 Qc2+ 27. Qf2 Qd1 28. Qf1 Qc2+ 29. Qf2 Qd1 30. Qf1 Qc2+ {Precision: White = 53%, Black = 66%.} 1/2-1/2

[Event "3rd Kolkata GM Open 2018"]
[Site "Kolkata"]
[Date "2018.05.18"]
[Round "5"]
[White "Mohammad Fahad, Rahman"]
[Black "Erigaisi Arjun"]
[Result "0-1"]
[WhiteElo "2296"]
[BlackElo "2488"]
[Annotator "TA"]
[PlyCount "90"]
[EventDate "2018.??.??"]
[EventType "swiss"]
[EventCountry "IND"]
[SourceTitle "playchess.com"]
[Source "ChessBase"]
[SourceQuality "1"]

{[%evp 12,90,14,-15,0,-23,-12,-11,0,0,0,0,0,-34,-31,-38,-33,-71,-53,-58,-55,-51,-19,-104,-106,-118,-97,-126,-109,-216,-199,-273,-259,-246,-253,-226,-222,-258,-168,-177,-171,-173,-179,-163,-175,-207,-154,-160,-150,-357,-364,-365,-358,-425,-400,-382,-248,-260,-262,-258,-254,-368,-366,-369,-372,-436,-429,-427,-421,-402,-387,-575,-545,-648,-643,-702,-690,-814,-807,-793,-792]} 1. e4 e6 2. d4 d5 3. Nc3 Bb4 4. Nge2 Nf6 5. e5 Nfd7 6. a3 Be7 7. b4 {LiveBook: 3 Games. C15: French: 3 Nc3 Bb4: Unusual White 4th moves} (7. f4 c5 8. Be3 Nc6 9. dxc5 Bxc5 10. Bxc5 Nxc5 11. Nd4 O-O 12. b4 Nd7 13. g3 Qb6 14. Nce2 f6 15. Bg2 Nxd4 16. Qxd4 fxe5 17. fxe5 Qxd4 18. Nxd4 Nxe5 {0-1 (50) Ismagambetov,A (2531)-Vallejo Pons,F (2698) Tromsoe 2014}) 7... b6 8. Na4 $146 ({Predecessor:} 8. f4 c5 9. b5 a6 10. Rb1 O-O 11. a4 axb5 12. axb5 f6 13. g3 Qc7 14. Bh3 cxd4 15. Bxe6+ {0-1 (48) Hector,J (2515)-Renner,C (2442) Germany 2000}) 8... c5 9. c3 {The position is equal.} Ba6 10. Nf4 Bxf1 11. Kxf1 Qc8 12. Be3 cxd4 13. cxd4 a5 14. g3 axb4 15. axb4 Bxb4 16. Kg2 b5 {[%cal Bb6b5,Bb5b4][%mdl 32]} 17. Qb1 (17. Nh5 $11 {remains equal.}) 17... Nc6 $17 ({Weaker is} 17... Rxa4 18. Rxa4 bxa4 19. Qxb4 $16) 18. Nd3 {[#]} Be7 $1 $36 {[%mdl 2048] White is under strong pressure.} 19. Nc3 b4 20. Na4 (20. Nb5 $17 Rxa1 21. Qxa1) 20... O-O 21. Qb2 (21. h4 {was called for.}) 21... Qb7 $19 22. Qe2 Ra5 23. Nab2 Rfa8 24. Rac1 Ncxe5 25. dxe5 d4+ $1 26. Qf3 Qxf3+ 27. Kxf3 dxe3 28. Rc7 Rd5 {And now ...exf2 would win.} 29. Kxe3 g5 30. Nc4 $2 (30. f4 $17 {is a better defense.}) 30... Bc5+ 31. Nxc5 Nxc5 32. Rb1 Ra2 {[%csl Gc5][%cal Rd5d3] [#]} 33. Rb2 Rxb2 34. Nxb2 Rxe5+ {[%mdl 4096] Endgame KRN-KRN} 35. Kd4 Rd5+ 36. Kc4 (36. Ke3 $142) 36... Ne4 37. Kxb4 Nxf2 38. Rc2 Nd3+ 39. Nxd3 Rxd3 {KR-KR} 40. Kc4 Rd5 41. g4 (41. Rg2 $142) 41... Kg7 {Black is clearly winning.} 42. Re2 Kg6 43. h3 h5 44. Rf2 hxg4 45. hxg4 Rd1 {Precision: White = 27%, Black = 73%.} 0-1